RTD Denver E Line - Statistics

General Stats
  • This quiz has been taken 3 times
  • The average score is 12 of 21
Answer Stats
Hint Answer % Correct
16 Alameda
100%
7 Arapahoe at Village Center
100%
20 Ball Arena-Elitch Gardens
100%
9 Belleview
100%
19 Empower Field at Mile High
100%
1 RidgeGate Parkway
100%
21 Union Station
100%
17 10th-Osage
50%
18 Auraria West
50%
12 Colorado
50%
6 Dry Creek
50%
4 Lincoln
50%
8 Orchard
50%
3 Sky Ridge
50%
13 University of Denver
50%
11 Yale
50%
5 County Line
0%
15 I-25-Broadway
0%
2 Lone Tree City Center
0%
14 Louisiana-Pearl
0%
10 Southmoor
0%
No matching quizzes found
Score Distribution
Percent of People with Each Score
Percentile by Number Answered
Your Score History
You have not taken this quiz